|
|
|
|
| LEADER |
00000cam a22000004a 4500 |
| 001 |
musev2_5370 |
| 003 |
MdBmJHUP |
| 005 |
20230905040635.0 |
| 006 |
m o d |
| 007 |
cr||||||||nn|n |
| 008 |
030417s2003 pau o 00 0 eng d |
| 010 |
|
|
|z 2003008561
|
| 020 |
|
|
|a 9780820705248
|
| 020 |
|
|
|z 9780820703459
|
| 020 |
|
|
|z 0820703451
|
| 035 |
|
|
|a (OCoLC)607018706
|
| 040 |
|
|
|a MdBmJHUP
|c MdBmJHUP
|
| 043 |
|
|
|a e-uk---
|
| 050 |
0 |
4 |
|a PR3588
|b .M476 2003
|
| 082 |
0 |
|
|a 821/.4
|2 21
|
| 245 |
0 |
0 |
|a Milton and the Grounds of Contention /
|c edited by Mark R. Kelley, Michael Lieb, and John T. Shawcross.
|
| 264 |
|
1 |
|a Pittsburgh :
|b Duquesne University Press,
|c 2003.
|
| 264 |
|
3 |
|a Baltimore, Md. :
|b Project MUSE,
|c 2012
|
| 264 |
|
4 |
|c ©2003.
|
| 300 |
|
|
|a 1 online resource (360 pages).
|
| 336 |
|
|
|a text
|b txt
|2 rdacontent
|
| 337 |
|
|
|a computer
|b c
|2 rdamedia
|
| 338 |
|
|
|a online resource
|b cr
|2 rdacarrier
|
| 490 |
0 |
|
|a Medieval & Renaissance literary studies
|
| 504 |
|
|
|a Includes bibliographical references (p. 284-333) and index.
|
| 588 |
|
|
|a Description based on print version record.
|
| 600 |
1 |
0 |
|a Milton, John,
|d 1608-1674
|x Criticism and interpretation.
|
| 651 |
|
0 |
|a Great Britain
|x Intellectual life
|y 17th century.
|
| 655 |
|
7 |
|a Electronic books.
|2 local
|
| 700 |
1 |
|
|a Shawcross, John T.
|
| 700 |
1 |
|
|a Lieb, Michael,
|d 1940-
|
| 700 |
1 |
|
|a Kelley, Mark R.,
|d 1961-
|
| 710 |
2 |
|
|a Project Muse.
|e distributor
|
| 830 |
|
0 |
|a Medieval and Renaissance literary studies.
|
| 830 |
|
0 |
|a Book collections on Project MUSE.
|
| 856 |
4 |
0 |
|z Texto completo
|u https://projectmuse.uam.elogim.com/book/5370/
|
| 945 |
|
|
|a Project MUSE - Custom Collection
|
| 945 |
|
|
|a Project MUSE - Archive Complete Foundation
|
| 945 |
|
|
|a Project MUSE - Archive Literature Foundation
|